Cities that start with the letter A - Statistics

General Stats
  • This quiz has been taken 53 times
  • The average score is 12 of 15
Answer Stats
Hint Answer % Correct
Capital of The United Arab Emirates Abu Dhabi
100%
Capital of The Netherlands Amsterdam
98%
Largest City in New Zealand Auckland
98%
Capital of Algeria Algiers
96%
Capital of Turkiye/Turkey Ankara
96%
Often known as the birthplace of democracy Athens
92%
Capital and largest City in The State of Georgia Atlanta
92%
City that is home to the Taj Mahal Agra
90%
Largest City in Alaska Anchorage
88%
Capital of Ghana Accra
86%
Capital of South Australia Adelaide
86%
Capital of New York Albany
84%
Capital of Kazakhstan Astana
80%
" The diamond capital of the World " Antwerp
51%
Northernmost continuously inhabited place in the World Alert
12%
No matching quizzes found
Score Distribution
Percent of People with Each Score
Percentile by Number Answered
Your Score History
You have not taken this quiz